Familiar quotations : (Record no. 21122)
[ view plain ]
| 000 -LEADER | |
|---|---|
| fixed length control field | 00853nam a2200265 4500 |
| 001 - CONTROL NUMBER | |
| control field | 21122 |
| 003 - CONTROL NUMBER IDENTIFIER | |
| rucl marc code | BD-RjUL |
| 005 - DATE AND TIME OF LATEST TRANSACTION | |
| control field | 20211209000642.0 |
| 008 - FIXED-LENGTH DATA ELEMENTS--GENERAL INFORMATION | |
| fixed length control field | 140303s1968 mau 001 0 eng |
| 035 ## - SYSTEM CONTROL NUMBER | |
| System control number | (BD-RjUL)21186 |
| 040 ## - CATALOGING SOURCE | |
| Original cataloging agency | DLC |
| Transcribing agency | DLC |
| Modifying agency | DLC |
| -- | BD-RjUL |
| Language of cataloging | eng |
| 041 ## - LANGUAGE CODE | |
| Language code of text/sound track or separate title | eng |
| 082 00 - DEWEY DECIMAL CLASSIFICATION NUMBER | |
| Classification number | 808.882 |
| Author mark and year | BAF 1968 |
| 100 1# - MAIN ENTRY--PERSONAL NAME | |
| Personal name | Bartlett, John, |
| Dates associated with a name | 1820-1905, |
| 9 (RLIN) | 65294 |
| 245 10 - TITLE STATEMENT | |
| Title | Familiar quotations : |
| Remainder of title | a collection of passages, phrases, and proverbs traced to their sources in ancient and modern literature / |
| Statement of responsibility, etc. | John Bartlett. |
| 250 ## - EDITION STATEMENT | |
| Edition statement | 14th ed., rev. and enl. |
| 260 ## - PUBLICATION, DISTRIBUTION, ETC. (IMPRINT) | |
| Place of publication, distribution, etc. | Boston : |
| Name of publisher, distributor, etc. | Little, Brown, |
| Date of publication, distribution, etc. | 1968. |
| 300 ## - PHYSICAL DESCRIPTION | |
| Pagination | xviii, 1750 p. ; |
| Size | 24 cm. |
| 504 ## - BIBLIOGRAPHY, ETC. NOTE | |
| Bibliography, etc | Includes index. |
| 650 #0 - SUBJECT ADDED ENTRY--TOPICAL TERM | |
| Topical term or geographic name as entry element | Quotations, English. |
| 9 (RLIN) | 64548 |
| 700 1# - ADDED ENTRY--PERSONAL NAME | |
| Personal name | Beck, Emily Morison, |
| Relator term | ed. |
| 942 ## - ADDED ENTRY ELEMENTS (KOHA) | |
| Source of classification or shelving scheme | Dewey Decimal Classification |
| Koha item type | Books |
| Lost status | Source of classification or shelving scheme | Damaged status | Not for loan | Collection code | Permanent Location | Current Location | Shelving location | Date acquired | Source of acquisition | Total Checkouts | Full call number | Date last seen | Copy number | Koha item type |
|---|---|---|---|---|---|---|---|---|---|---|---|---|---|---|
| Dewey Decimal Classification | Non-fiction | Central Library, University of Rajshahi | Central Library, University of Rajshahi | 12/01/1994 | Asia foundation | 808.882 BAF 1968 | 03/03/2014 | C-2 | Books |